Регионална библиотека "Любен Каравелов" - Русе

Животните във фермата (Запис номер 114464)

MARC детайли
000 -Лидер
Контролно поле с фиксирана дължина 01796nam a2200421 c 4500
003 - Код на организацията, давaща контролен номер
Контролно поле BLK
005 - Дата и час на последна редакция
Контролно поле 20180422110232.0
008 - Елементи от данни с фиксирана дължина
fixed length control field 180409b bul|||||r ||||||| ||bul||
010 ## - Наследен системен номер
LC control number KNG00119895000
020 ## - Международен стандартен номер на книга ISBN
Международен стандартен номер на книга ISBN 978-954-660-150-6
-- издат.: ПАН
040 ## - Източник на каталожния запис
Идентификатор на билиотеката - собственик на записа BLK
041 ## - Код за език
Код за езика на текст/звукозапис или на отделно заглавие Български
Код за езика КДБФ Български
072 #7 - Код за тематичната категория
Код организация bullib
Код за тематична категория Н86
Текст Детска отраслова литература Н
080 ## - УДК
Текстов определител УДК Домашни животни
УДК код - определител по УДК 636.1/.9
УДК определител (02.053.2)
УДК - код + определител 636.1/.9(02.053.2)
100 1# - Редна дума - Автор
Автор Принц, Йохана
Авторска отговорност първи автор
R(LIN) 313505
139 ## - Редно поле
Редна дума Принц, Йохана
Авторски знак Прил - П 88
245 10 - Сведения за заглавието
Заглавие Животните във фермата
Редно поле (дума) Йохана Принц; прев. от нем. Мирела Иванова; ил. Юлия Зодре.
257 ## - Страна на издаване
Страна на създаване/издаване Германия
260 ## - Област на издателските данни
-- София
Име на издателя, разпространителя и проч. ПАН
Година на издаване 2010
300 ## - Физическа характеристика
Страници 32 с.
Илюстрации и др. с цв. ил.
Размери/Мащаб 17 см
380 ## - Жанр
Жанр Детска отраслова лит.
490 1# - СЕРИИ (Колекции)
Име на серия Поредица Знайко
№: серия Кн. 2
500 ## - Общи забележки
Забележка Ориг. загл. Pixi Wissen : Bauernhoftiere. - Съдържа и Загадки ; Лексикон ; Въпроси и отговори.
650 #4 - Допълнително описание по предмет – тема
Основно описание – тема или топоним Селскостопански животни
9 (RLIN) 283268
650 #4 - Допълнително описание по предмет – тема
Основно описание – тема или топоним Домашни животни - детска и юношеска литература
9 (RLIN) 313506
653 ## - Ключова дума – ненормативна
Ключова дума селскостопански животни
653 ## - Ключова дума – ненормативна
Ключова дума домашни животни
653 ## - Ключова дума – ненормативна
Ключова дума детска литература
653 ## - Ключова дума – ненормативна
Ключова дума литература за деца
659 ## - Тематичен бюлетин
Тематичен бюлетин Н
700 1# - Други автори (авторска отговорност)
Лично име Иванова, Мирела
Автороска отговорност (Описва отношението между автора и произведението) прев. от нем.
9 (RLIN) 365096
700 1# - Други автори (авторска отговорност)
Лично име Зодре, Юлия
Автороска отговорност (Описва отношението между автора и произведението) ил.
9 (RLIN) 70194
852 ## - Местоположение
Форматна сигнатура Цб І 34397
856 4# - Електронен адрес и достъп
Електронен формат pdf - файл
Път до файла /url/
856 4# - Електронен адрес и достъп
Електронен формат pdf - файл
Път до файла /url/
942 ## - АРТИКУЛИ
Вид на библиотечния материал Книги
Скрит в OPAC Не
944 ## - СЪЗДАВАНЕ И РЕДАКЦИЯ на ЗАПИСА
Създаване/Редакция Създаване
Дата на регистрацията/редакция 20.06.2012
Статус, дата на статуса ф /
Служител, извършил регистрацията/редакцията Людмила_Стоянова
944 ## - СЪЗДАВАНЕ И РЕДАКЦИЯ на ЗАПИСА
Създаване/Редакция Редакция
Дата на регистрацията/редакция 07.07.2016
Статус, дата на статуса ф /
Служител, извършил регистрацията/редакцията Людмила_Стоянова
999 ## - СИСТЕМНИ КОНТРОЛНИ НОМЕРА
Koha biblionumber 114464
Koha biblioitemnumber 114464
Наличности
Код за отписване Код за изгубен артикул Код за повреда Коз за рестрикции Код за отдаване Артикулен № Име на библиотеката - собственик Име на библиотеката, в която се намира в момента Статус (Текущо местоположение) Дата на вписване в системата Местоположение - отдел Цена в лева Инвентарен номер Систематично азбучна сигнатура Баркод Номер на екземпляра Цена в евро Служебна бележка Служебен тип на артикула
  Не е изгубен Не е повреден без рестрикции заемане за дома 183299 Регионална библиотека "Любен Каравелов" Русе Регионална библиотека "Любен Каравелов" Русе Детски отдел 2012-06-21 Детски отдел 1.48 120000758459 ДН 636/639/П 88 120000758459 1 0.76 Дост: DA Вид: А N: 12 Дата: 21.06.2012 Дата инв: 20.08.2015 Бележки инв: Д2015 Книги
  Не е изгубен Не е повреден без рестрикции ползва се в читалня 183300 Регионална библиотека "Любен Каравелов" Русе Регионална библиотека "Любен Каравелов" Русе Хранилище 2016-06-24 Хранилище 1.90 120000801546 Цб І 34397 120000801546 2 0.97 Дост: Dp Вид: Д N: 20 Дата: 15.04.2016 Книги
Vip Innovations Ltd, Rousse, Bulgaria 2025